00608 2200229 4500001002100000005001500021008004100036020002200077035001900099041000700118082001200125090001200137100002200149245002600171260003100197300003400228650002800262990001900290990002300309990002300332990002300355INLIS00000000001789820241224115411241224||||||||| | ||| |||| || |  a978-979-045-836-9 0010-1224017898 aid0 a551.456 a551.4560 aBeni S. Ambarjaya00aAku Tahu Tentang Laut aSolobTiga Serangkaic2010 a21x15 cm, vi, 50 hlm.; ilus.: 0aLaut -- Ilmu-ilmu Murni a05.17.01.04.08 a05.17.01.04.08 001 a05.17.01.01.01 001 a05.17.01.01.01 002